000 00754nam a2200229 i 4500
001 bg
100 1 _aNASALSKI, Zbigniew
245 1 0 _aEkonomika i organizacja przedsiębiorstw :
_bwybrane zagadnienia /
_cZbigniew Nasalski.
260 _aOlsztyn :
_bWydawnictwo Uniwersytetu Warmińsko-Mazurskiego,
_c2006.
300 _a122 s. ;
_c24 cm.
504 _aBibliogr.
650 9 _aPrzedsiębiorstwo
_xorganizacja
655 _aPodręczniki akademickie
020 _a9788372994769
040 _cBPK
041 0 _apol
080 _a658.1/.5.012(075.8)
920 _a978-83-7299-476-9
942 _cKS
008 s pl f |000 0 pol
999 _c53146
_d53146
856 _uhttp://koha.tu.koszalin.pl/cgi-bin/koha/opac-detail.pl?biblionumber=53146
_yKatalog online BPK